01381nam a2200277Ia 4500003000500000005001700005008004100022020003000063040002300093082001700116100002500133245007500158250001200233260003700245300004500282520022300327521001000550651002500560654014100585690001400726700007300740942004500813999001700858952009500875952013300970322820241119121247.0210816s9999 xx 000 0 und d a97807095 70921qPaperback aRDAbEnglishc3228 a320.968 DUPR aDu Preez, Max925228 0aThe world according to Julius Malema cMax du Preez and Mandy Rossouw. a1st ed. aCape Town :bKwela Books,c2009. a125 pages bcolour illustrations:c20 cm aSummary: This book contains more than 80 famous and infamous statements by Julius Sello Malema, president of the ANC Youth League. The foreword examines the youth leader's past, present and possible role in the future. aAdult aSouth Africa9116385 2Malema, Julius African National Congress.—Youth League Political and social views Politics and government South Africa Since 1994 2464463696 aMandy Rossouw, Muntu Vilakazi, Hanneke du Toit, Nazli Jacobs9190967 cBK2ddcy12663zPriscilla Nozizwe Mogale c98627d98626 00104070aHLHLLbHLHLLd2021-08-17g28.00l0p33228020649115r2021-08-17w2021-08-17yBK 00102ddc40708300aMKHULbMKHULcNon_Fictiond2024-11-19g98.00l0o320.968 DUPRp33228 020649107r2024-11-19w2024-11-19yBK